Dopasuj kraje do definicji #1 Europa - Statystyki

Ogólne statystyki
  • Ten quiz został rozwiązany 147 razy
  • Średni wynik to 12 z 20
Statystyki odpowiedzi
Hint Odpowiedź % Poprawnych
Kraj, w którym każdy posiłek to arcydzieło, gesty są oficjalnym językiem, a „mamma mia” to niezbędna interpunkcja. Włochy
77%
Najmniejszy kraj na świecie, gdzie panuje wiara, szwajcarscy strażnicy czuwają, a każda ulica oddycha historią chrześcijaństwa. Watykan
73%
Gdzie paella jest tradycją, walki byków wywołują dyskusje, a popołudnia rozciągają się pod słońcem z zasłużoną sjestą. Hiszpania
71%
Kraj herbaty o piątej, stoickich strażników królewskich i nieprzewidywalnej pogody, gdzie nawet mgła ma swój urok. Zjednoczone Królestwo
71%
Wyspa ognia i lodu, gdzie gejzery wybuchają, wulkany dudnią, a elfy wciąż mają miejsce w sercach ludzi. Islandia
70%
Ogromny kraj, gdzie zima jest wieczna, a wódka uniwersalnym lekarstwem. Rosja
68%
Kraina piwa, frytek i czekolady, gdzie spory językowe są prawie tak ważne, jak miłość do gofrów. Belgia
66%
Kraina czekolady, zegarków i tajemnicy bankowej. Tutaj nawet góry wydają się zorganizowane z precyzją. Szwajcaria
66%
Płaska jak naleśnik, z większą liczbą rowerów niż ludzi i wiatrakami, które przyćmiewają tulipany. Holandia
65%
Kraina niekończących się lasów, klopsików, ABBY i mebli w płaskich paczkach, które zmieniają weekendy w łamigłówki. Szwecja
65%
Gdzie Dracula i gotyckie zamki dzielą góry z owczymi stadami, a historia ma pikantny smak. Rumunia
62%
Gdzie hygge (przytulność) jest stylem życia, rowery mają pierwszeństwo, a Lego jest narodowym skarbem. Dania
61%
Kraj, w którym fiordy zanurzają się w lodowate wody, łosoś jest kulinarną gwiazdą, a zorza polarna tańczy na niebie. Norwegia
60%
Kraina zielonych wzgórz, przytulnych pubów, Guinnessa i legend o skrzatach tańczących pod tęczami. Irlandia
59%
Kraj, gdzie muzyka klasyczna żyje, góry cię otaczają, a każdy mieszkaniec prawdopodobnie nosił już tyrolski strój. Austria
49%
Państwo, gdzie luksus jest religią, jachty unoszą się jak pałace, a każdy metr kwadratowy jest skarbem elegancji. Monako
49%
Kraina fado, pasteis de nata i azulejos, z horyzontami pełnymi surferów i odważnych żeglarzy. Portugalia
46%
Kraj krystalicznie czystych jezior, cichych lasów, saun i miejsca, gdzie cisza jest narodową cnotą. Finlandia
41%
Mały kraj, gdzie bogactwo błyszczy, banki prosperują, a lasy są oazą spokoju. Luksemburg
38%
Miejsce, gdzie róże spotykają starożytne klasztory, jogurt jest sztuką, a tradycje tańczą do mistycznych melodii. Bułgaria
18%
Nie znaleziono quizów pasujących do podanych kryteriów
Rozkład punktacji
Procent ludzi z każdym wynikiem
Percentyl według liczby udzielonych odpowiedzi
Twoja historia wyników
Nie rozwiązałeś tego quizu